| 000 -LEADER |
| fixed length control field |
00386 a2200157 4500 |
| 003 - CONTROL NUMBER IDENTIFIER |
| control field |
OSt |
| 005 - DATE AND TIME OF LATEST TRANSACTION |
| control field |
20240722170923.0 |
| 008 - FIXED-LENGTH DATA ELEMENTS--GENERAL INFORMATION |
| fixed length control field |
240722b ||||| |||| 00| 0 eng d |
| 020 ## - INTERNATIONAL STANDARD BOOK NUMBER |
| International Standard Book Number |
9780262036672 |
| 082 ## - DEWEY DECIMAL CLASSIFICATION NUMBER |
| Edition number |
711.4 |
| 100 ## - MAIN ENTRY--PERSONAL NAME |
| Personal name |
Brent D. Ryan |
| 245 ## - TITLE STATEMENT |
| Title |
The Largest Art: A Measured Manifesto for a Plural Urbanism |
| 260 ## - PUBLICATION, DISTRIBUTION, ETC. (IMPRINT) |
| Name of publisher, distributor, etc |
The MIT Press |
| 300 ## - PHYSICAL DESCRIPTION |
| Extent |
364p; |
| 942 ## - ADDED ENTRY ELEMENTS (KOHA) |
| Source of classification or shelving scheme |
|